| 000 | 00822cab a2200253 4500 | ||
|---|---|---|---|
| 001 | ABS58412 | ||
| 008 | 090401t1998 xxu||||| |||| 00| 0 eng d | ||
| 035 | _a(Sirsi) u85248 | ||
| 041 | _aeng | ||
| 100 | _aGleeson, A. | ||
| 245 | 2 | _aA guide to temporary offices part four: the North, Scotland, Northern Ireland and Wales | |
| 260 | _c1998 | ||
| 350 | _a0 | ||
| 490 |
_aFlexible Working _v3(3) March 1998, 9-16(8) |
||
| 520 | _aPart four of a survey into the provision of temporary office accommodation, covering the north and west of the UK. Tables included. | ||
| 650 | _aNORTHERN IRELAND | ||
| 650 | _aSCOTLAND | ||
| 650 | _aSERVICED OFFICES | ||
| 650 | _aTEMPORARY OFFICES | ||
| 650 | _aWALES | ||
| 690 | _aPROPERTY-COMMERCIAL PROPERTY-COMMERCIAL PROPERTY MARKET | ||
| 942 | _n0 | ||
| 948 | _c26/03/1998 | ||
| 999 |
_c53588 _d53588 |
||